01573nam a2200301 u 450000100070000000500170000700800410002402000150006503500110008003500210009104000130011204100080012508200080013310000740014124500560021526000310027130000180030249000160032050506390033665000330097565000330100865000400104165000310108165000370111265000400114970000560118970000260124589801020260506154236.0041102s2003 spa  a9583356786 a898010 a(OCoLC)777887120 ccomduadb aspa 4a65810aMúnera Uribe, Pablo Antonio,gCvLAC - RG4aut0(viaf)298619873eaut10aComunicación empresarial : una mirada corporativa aMedellín :bAICE,c2003. a448 páginas0 aHermes ;v5 aCONTENIDO : UNIDAD 1: Contextualización. -- El entorno. -- El mercado. -- La organización. -- UNIDAD 2: Conceptualización. -- Conceptos básicos. -- Antecedentes históricos de la comunicación empresarial. -- Corrientes de la comunicación. -- UNIDAD 3: Fundamentación de la gestión. -- Dimensiones de la gestión. -- Áreas de la gestión. -- Vectores de la gestión. -- UNIDAD 4: Modelos básicos de la comunicación corporativa. -- La identidad corporativa. -- La comunicación corporativa. -- La imagen corporativa. -- ANEXO: El periodismo corporativo. -- La gestión de la información. -- Bibliografía. aComunicación estratégica aComunicación en la empresa 7aComunicación organizacional2lemb aComunicación corporativa aEmpresa y medios de comunicacion 7aPlanificación estratégica2lemb10aSánchez Zuluaga, Uriel Hernando,d1971-4auteaut10aCosta, Juan4auieaui